Online katalóg knižníc regiónu Turca

Lupene na vode (Record no. 22559)

MARC details
000 -LEADER
fixed length control field 01037cam a2200337 a 4500
001 - CONTROL NUMBER
control field 22559
003 - CONTROL NUMBER IDENTIFIER
control field SK-KTurca
005 - DATE AND TIME OF LATEST TRANSACTION
control field 20260401102353.0
008 - FIXED-LENGTH DATA ELEMENTS--GENERAL INFORMATION
fixed length control field 220512s1999 xo 000 f slo
015 ## - NATIONAL BIBLIOGRAPHY NUMBER
National bibliography number SNBA2000/03-00830
020 ## - INTERNATIONAL STANDARD BOOK NUMBER
International Standard Book Number 8071187860
Qualifying information (viaz.)
035 ## - SYSTEM CONTROL NUMBER
System control number PPPK61916
035 ## - SYSTEM CONTROL NUMBER
System control number urn:nbn:sk:snk-amkdle
035 ## - SYSTEM CONTROL NUMBER
System control number urn:nbn:sk:snk-am008i3z
035 ## - SYSTEM CONTROL NUMBER
System control number F5ED44C4-2316-4686-902E-14C39093BBB0
040 ## - CATALOGING SOURCE
Original cataloging agency SNK
Language of cataloging slo
Transcribing agency SNK
Description conventions AACR2
041 1# - LANGUAGE CODE
Language code of text/sound track or separate title slo
Language code of original eng
044 ## - COUNTRY OF PUBLISHING/PRODUCING ENTITY CODE
MARC country code xo
ISO country code SK
080 ## - UNIVERSAL DECIMAL CLASSIFICATION NUMBER
Universal Decimal Classification number 821.111(73)-3
Edition identifier 1981
100 1# - MAIN ENTRY--PERSONAL NAME
Personal name Woodiwiss, Kathleen E.,
Dates associated with a name 1939-2007
Relationship aut
240 10 - UNIFORM TITLE
Uniform title Petals On The River
Language of a work Slovensky
245 10 - TITLE STATEMENT
Title Lupene na vode
Statement of responsibility, etc. Kathleen E. Woodiwissová ; [z anglického originálu preložila Jana Seichertová]
250 ## - EDITION STATEMENT
Edition statement 1. vyd.
260 ## - PUBLICATION, DISTRIBUTION, ETC.
Place of publication, distribution, etc. Bratislava
Name of publisher, distributor, etc. Ikar
Date of publication, distribution, etc. 1999
300 ## - PHYSICAL DESCRIPTION
Extent 350 s.
Dimensions 21 cm
655 #7 - INDEX TERM--GENRE/FORM
Genre/form data or focus term americké romány
Source of term SNKPH
655 #7 - INDEX TERM--GENRE/FORM
Genre/form data or focus term ľúbostné romány
Source of term SNKPH
700 1# - ADDED ENTRY--PERSONAL NAME
Personal name Seichertová, Jana
Relationship trl
942 ## - ADDED ENTRY ELEMENTS (KOHA)
Source of classification or shelving scheme Dewey Decimal Classification
Koha item type Krásna literatúra pre dospelých
Suppress in OPAC No
Holdings
Stav vyradenia Strata Poškodenie Spôsob nadobudnutia Domovská knižnica Aktuálna knižnica Dátum nadobudnutia Total checkouts Čiarový kód exemplára Date last seen Typ exemplára
      Dar Obecná knižnica Turčianska Štiavnička Obecná knižnica Turčianska Štiavnička 01.04.2026   4738000853 01.04.2026 Krásna literatúra pre dospelých
Projekt je podporený Slovenskou asociáciou knižníc
Prevádzkuje Turčianska knižnica Martin 2026